Arabský polostrov vo víre zmien

Desať percent svetových zásob ropy sa nachádza v Saudskej Arábii. Významná historická i súčasná prítomnosť Iránu v regióne. Šíitská odroda islamu ako mocenský nástroj Iránčanov. Ekonomika Jemenu systematicky dotovaná saudskoarabskou vládou. Nepokoje medzi šiítmi a sunnitmi. Nový saudskoarabský kráľ...

Descrizione completa

Salvato in:
Dettagli Bibliografici
Autore principale: Pressburg, Adrian Peter
Natura: Capitolo di libro
Lingua:slovacco
Soggetti:
Tags: Aggiungi Tag
Nessun Tag, puoi essere il primo ad aggiungerne!!

MARC

LEADER 00000naa a2200000 4500
001 0197821
005 20231113102642.6
041 0 |a slo 
044 |a SK 
245 1 0 |a Arabský polostrov vo víre zmien  |c Adrian Peter Pressburg 
520 |a Desať percent svetových zásob ropy sa nachádza v Saudskej Arábii. Významná historická i súčasná prítomnosť Iránu v regióne. Šíitská odroda islamu ako mocenský nástroj Iránčanov. Ekonomika Jemenu systematicky dotovaná saudskoarabskou vládou. Nepokoje medzi šiítmi a sunnitmi. Nový saudskoarabský kráľ Salmán bin Abd al-Azíz al Saúd. Potláčanie prenikania ISIS (hnutie Islamský štát) do Saudskej Arábie. 
610 2 0 |a politika 
610 2 0 |a politika zahraničná 
610 2 0 |a politika medzinárodná 
610 2 0 |a náboženstvo 
610 2 0 |a islam 
610 2 0 |a konflikty 
610 2 0 |a ropa 
610 2 0 |a Saudská Arábia 
610 2 0 |a Jemen 
610 2 0 |a Irán 
100 1 |a Pressburg, Adrian Peter